000 01074nam a2200313 a 4500
001 74843
003 BD-RjUL
005 20211209082618.0
008 141025r20112008ii a b 001 0 eng
020 _a9780230226999
035 _a(BD-RjUL) 75061
040 _aDLC
_cDLC
_dDLC
_dBD-RjUL
_beng
041 _aeng
082 0 0 _a572
_222
_bLEP 1993
100 1 _aLehninger, Albert L.
_935933
245 1 0 _a principles of Biochemistry /
_cAlbert L. Lehninger ; David L. Nelson, Michael M. Cox.
246 3 0 _aPrinciples of biochemistry
250 _a2nd. ed.
260 _aDelhi:
_bCPS Pub,
_c1993
300 _axli, 1011 +p :
_bill. ;
_c29 cm.
500 _a"This edition is manufactured in India and is authorised for sale only in India, Pakistan, Sri Lanka, Bangladesh, Nepal and Bhutan"
504 _aIncludes bibliographical references and index.
650 0 _aBiochemistry.
_9113701
700 1 _aNelson, David L.
_q(David Lee),
_d1942-
_9225887
700 1 _aCox, Michael M.
_9225888
942 _2ddc
_cBK
999 _c74843
_d74843